[Event "interzonal (w)"]
[Site "Tbilisi URS"]
[Date "1976.??.??"]
[Round "8"]
[White "Ivanka, Maria"]
[Black "Litinskaya, Marta"]
[Result "0-1"]
[WhiteElo "2320"]
[BlackElo "2290"]
[EventDate "1976.12.??"]
[PlyCount "74"]

1.c4 e5 2.Nc3 Nf6 3.g3 d5 4.cxd5 Nxd5 5.Bg2 Nb6 6.Nf3 Nc6 7.O-O Be7 8.a3 
Be6 9.d3 O-O 10.b4 f5 11.Bb2 Bf6 12.e4 f4 13.gxf4 exf4 14.e5 Be7 15.Kh1 
Qe8 16.b5 Nd8 17.Nd4 Bc8 18.Ne4 Ne6 19.Rc1 Nxd4 20.Bxd4 Qd8 21.Bb2 Be6 22.
Rg1 Kh8 23.Bf3 a6 24.Bg4 Bd5 25.Qf3 axb5 26.Qg2 Bxa3 27.Bf5 Qe7 28.Bxa3 
Rxa3 29.Qh3 g5 30.Rxg5 Rxd3 31.f3 Rxf3 32.Qxf3 Bxe4 33.Bxe4 Qxg5 34.Rxc7 
Ra8 35.Qd1 f3 36.Rxh7+ Kg8 37.Qg1 Ra1 0-1

[Event "interzonal (w)"]
[Site "Tbilisi URS"]
[Date "1976.??.??"]
[Round "9"]
[White "Fatalibekova, Elena"]
[Black "Savereide, Diane"]
[Result "1-0"]
[WhiteElo "2285"]
[BlackElo "2165"]
[EventDate "1976.12.??"]
[PlyCount "79"]

1.e4 c5 2.Nf3 e6 3.c3 Nf6 4.e5 Nd5 5.d4 cxd4 6.cxd4 d6 7.a3 Nc6 8.Bd3 Be7 
9.O-O O-O 10.Qe2 dxe5 11.dxe5 Bd7 12.Nc3 Nxc3 13.bxc3 Qa5 14.c4 Rac8 15.
Bb2 Rfd8 16.h4 Be8 17.h5 Qc5 18.g3 Na5 19.Nd2 Bc6 20.Ne4 Bxe4 21.Qxe4 g6 
22.Bc3 Bf8 23.Bb4 Qd4 24.Bxa5 Qxd3 25.Qxb7 Rb8 26.Qa6 Bc5 27.Kh2 Rd4 28.
Bb4 Qxc4 29.Qxc4 Rxc4 30.Bxc5 Rxc5 31.f4 g5 32.Rac1 Rb2+ 33.Kh3 Rxc1 34.
Rxc1 gxf4 35.h6 f5 36.gxf4 Rb7 37.Kh4 Kf7 38.Kg5 Rd7 39.Rc8 Ke7 40.Rh8 1-0

[Event "interzonal (w)"]
[Site "Tbilisi URS"]
[Date "1976.??.??"]
[Round "9"]
[White "Kellner, Narelle"]
[Black "Feustel, Petra"]
[Result "0-1"]
[WhiteElo "2000"]
[BlackElo "2105"]
[EventDate "1976.12.??"]
[PlyCount "54"]

1.e4 c5 2.b3 Nc6 3.Bb2 d6 4.g3 e5 5.Bg2 Nge7 6.Nc3 g6 7.Nge2 Bg7 8.O-O O-O
9.Nd5 f5 10.f4 fxe4 11.Bxe4 Bg4 12.Qe1 Bh3 13.Rf2 Bf5 14.Nec3 Nd4 15.Nxe7+
Qxe7 16.Nd5 Qd7 17.Bxd4 cxd4 18.d3 Be6 19.Qe2 Rac8 20.Raf1 Rc5 21.Qf3 Qf7 
22.b4 Rxd5 23.a4 exf4 24.gxf4 Rh5 25.Rg2 d5 26.Qg3 dxe4 27.dxe4 Bh3 0-1

[Event "interzonal (w)"]
[Site "Tbilisi URS"]
[Date "1976.??.??"]
[Round "9"]
[White "Zatulovskaya, Tatiana"]
[Black "Ivanka, Maria"]
[Result "1/2-1/2"]
[WhiteElo "2240"]
[BlackElo "2320"]
[EventDate "1976.12.??"]
[PlyCount "122"]

1.e4 c5 2.Nf3 e6 3.d4 cxd4 4.Nxd4 Nf6 5.Nc3 d6 6.g3 Nc6 7.Bg2 Bd7 8.O-O 
Be7 9.Nb3 O-O 10.Kh1 a6 11.f4 Rc8 12.g4 b5 13.a3 b4 14.axb4 Nxb4 15.g5 Ne8
16.Be3 e5 17.Qd2 f5 18.Nd5 Nxd5 19.exd5 Bb5 20.Rf2 Qd7 21.Na5 Bd8 22.Nc6 
e4 23.Nxd8 Qxd8 24.b3 Rb8 25.c4 Bd7 26.Qc3 Nc7 27.Rfa2 Qc8 28.Bd4 Rf7 29.
Rb2 Re7 30.Qe3 Qe8 31.Bf1 Qg6 32.Be2 Bc8 33.h4 Qe8 34.h5 Qd7 35.Bd1 Qe8 
36.Rh2 Bd7 37.Be2 Ra8 38.h6 g6 39.Bc3 Rf7 40.Qd4 Kf8 41.Rh3 Qd8 42.Bb4 Ne8
43.Qh8+ Ke7 44.Qe5+ Kf8 45.Bxd6+ Nxd6 46.Qxd6+ Ke8 47.c5 Qe7 48.Qxe7+ Rxe7
49.c6 Bc8 50.b4 Rb8 51.Rb3 Rc7 52.Kg2 Kd8 53.Ra5 Ke7 54.Bxa6 Bxa6 55.Rxa6 
Kd6 56.Kf2 Kxd5 57.Rb1 Kc4 58.Rc1+ Kb5 59.Ra5+ Kb6 60.Rcc5 Rbc8 61.Rab5+ 
Ka6 1/2-1/2

[Event "interzonal (w)"]
[Site "Tbilisi URS"]
[Date "1976.??.??"]
[Round "10"]
[White "Baumstark, Gertrude"]
[Black "Kellner, Narelle"]
[Result "1/2-1/2"]
[WhiteElo "2210"]
[BlackElo "2000"]
[EventDate "1976.12.??"]
[PlyCount "48"]

1.e4 e6 2.d4 d5 3.Nd2 dxe4 4.Nxe4 Bd7 5.Nf3 Bc6 6.Bd3 Nd7 7.O-O Bxe4 8.
Bxe4 c6 9.Qe2 Be7 10.c4 Ngf6 11.Bd3 O-O 12.b3 Qc7 13.Bb2 Rfe8 14.Ne5 Rad8 
15.Rad1 c5 16.Nxd7 Nxd7 17.Bb1 Bf6 18.Rd2 cxd4 19.Bxd4 Bxd4 20.Rxd4 Nf6 
21.Rh4 h6 22.Qe3 Qa5 23.Qc3 Qg5 24.Rh3 b6 1/2-1/2

[Event "interzonal (w)"]
[Site "Tbilisi URS"]
[Date "1976.??.??"]
[Round "10"]
[White "Hofmann, Brigitte"]
[Black "Kozlovskaya, Valentina"]
[Result "0-1"]
[WhiteElo "2000"]
[BlackElo "2295"]
[EventDate "1976.12.??"]
[PlyCount "98"]

1.e4 c5 2.Nf3 Nc6 3.d4 cxd4 4.Nxd4 Nf6 5.Nc3 d6 6.Be2 e5 7.Nb3 Be7 8.O-O 
O-O 9.f4 a5 10.a4 Nb4 11.Be3 Be6 12.Nd2 exf4 13.Bxf4 Rc8 14.Rc1 Nd7 15.Kh1
Ne5 16.Nb5 Qb6 17.b3 Ng6 18.Bg3 d5 19.c3 Na6 20.exd5 Bxd5 21.Bc4 Rcd8 22.
Qe2 Qc6 23.Bxd5 Qxd5 24.Nc4 Nc5 25.Rcd1 Qg5 26.Nxa5 h5 27.Bc7 Rxd1 28.Rxd1
Ne6 29.Nc4 Rc8 30.Bb6 Nef4 31.Qd2 Bf6 32.g3 Qg4 33.Rf1 Ne2 34.Nbd6 Rc6 35.
Qe3 Nxc3 36.Nxb7 Re6 37.Qf3 Qh3 38.Qg2 Qg4 39.h3 Qg5 40.Rf2 Re1+ 41.Kh2 h4
42.Rf3 Ne4 43.Bc7 hxg3+ 44.Bxg3 Nxg3 45.Rxg3 Be5 46.Nxe5 Qxe5 47.Qf3 Nh4 
48.Qg4 Nf5 49.Qf3 Nxg3 0-1

[Event "interzonal (w)"]
[Site "Tbilisi URS"]
[Date "1976.??.??"]
[Round "10"]
[White "Ivanka, Maria"]
[Black "Fatalibekova, Elena"]
[Result "1/2-1/2"]
[WhiteElo "2320"]
[BlackElo "2285"]
[EventDate "1976.12.??"]
[PlyCount "33"]

1.e4 c5 2.c3 d5 3.exd5 Qxd5 4.d4 Nf6 5.dxc5 Qxc5 6.Be3 Qd5 7.Na3 Bd7 8.Nf3
e6 9.Nb5 Bxb5 10.Qxd5 Nxd5 11.Bxb5+ Nc6 12.Ne5 Nxe3 13.fxe3 Rc8 14.Rd1 f6 
15.Nc4 a6 16.Nb6 Rc7 17.Na8 1/2-1/2

[Event "interzonal (w)"]
[Site "Tbilisi URS"]
[Date "1976.??.??"]
[Round "10"]
[White "Litinskaya, Marta"]
[Black "Zatulovskaya, Tatiana"]
[Result "1/2-1/2"]
[WhiteElo "2290"]
[BlackElo "2240"]
[EventDate "1976.12.??"]
[PlyCount "122"]

1.c4 e5 2.Nc3 d6 3.g3 g6 4.Bg2 Bg7 5.e4 Nc6 6.d3 Nge7 7.Nge2 O-O 8.O-O Bd7
9.Nd5 Nxd5 10.cxd5 Ne7 11.Be3 c6 12.dxc6 Nxc6 13.d4 exd4 14.Nxd4 Ne5 15.
Rc1 Ng4 16.Bf4 Qb6 17.Ne2 Bb5 18.Rc2 Ne5 19.b3 Rac8 20.Rd2 Rfd8 21.Be3 Qa5
22.h3 Nc6 23.a4 Ba6 24.Qb1 Bxe2 25.Rxe2 Nd4 26.Rd2 Qb4 27.Rfd1 Ne6 28.Rd5 
a6 29.Kh2 Bf8 30.Bd2 Qb6 31.Ba5 Qxf2 32.Bxd8 Rc2 33.Rg1 Nxd8 34.Qf1 Nc6 
35.Qxf2 Rxf2 36.Rb1 Ra2 37.Rdd1 h5 38.Kh1 Be7 39.Ra1 Rc2 40.Rdc1 Rb2 41.
Rab1 Ra2 42.e5 Nxe5 43.Bxb7 Kg7 44.Rg1 a5 45.Rg2 Ra3 46.Rd2 h4 47.gxh4 
Bxh4 48.Rxd6 Ra2 49.Rdd1 Bg3 50.Bd5 f5 51.b4 Rh2+ 52.Kg1 f4 53.Rb3 Rxh3 
54.bxa5 Ng4 55.Kg2 Rh2+ 56.Kf3 Nf6 57.Rf1 Nxd5 58.Rb5 Nf6 59.a6 Ra2 60.Ra5
Kh6 61.Rh1+ Kg7 1/2-1/2

[Event "interzonal (w)"]
[Site "Tbilisi URS"]
[Date "1976.??.??"]
[Round "11"]
[White "Fatalibekova, Elena"]
[Black "Litinskaya, Marta"]
[Result "1/2-1/2"]
[WhiteElo "2285"]
[BlackElo "2290"]
[EventDate "1976.12.??"]
[PlyCount "122"]

1.e4 c5 2.Nf3 e6 3.c3 d5 4.e5 Nc6 5.d4 f6 6.Bd3 Qb6 7.O-O Bd7 8.dxc5 Bxc5 
9.b4 Be7 10.Re1 fxe5 11.b5 e4 12.bxc6 bxc6 13.Bxe4 dxe4 14.Ne5 Nf6 15.Nxd7
Nxd7 16.Rxe4 O-O 17.Be3 Qb2 18.Nd2 Nc5 19.Rg4 Rad8 20.Qc1 Qb8 21.Ne4 Nd3 
22.Qc2 c5 23.Rb1 Qc7 24.h3 Qc6 25.Ng3 c4 26.Bxa7 Bc5 27.Bxc5 Qxc5 28.Ne4 
Qa7 29.Rf1 Rb8 30.Qd2 Rb2 31.Qe3 Qxe3 32.fxe3 Rxa2 33.Rxf8+ Kxf8 34.Ng5 
Nb2 35.Nxe6+ Kf7 36.Ng5+ Ke8 37.Ne4 Kf8 38.Nd6 Ra4 39.Re4 g6 40.Kh2 h5 41.
Kg3 Kg7 42.Rf4 Nd1 43.Rxc4 Rxc4 44.Nxc4 Nxc3 45.Kf3 Kf6 46.e4 g5 47.Ke3 
Ke6 48.Nd2 Ke5 49.Nf3+ Kf6 50.Kd3 Nb5 51.e5+ Kg6 52.Kc4 Nc7 53.Nd4 Kf7 54.
Kc5 Ke7 55.Kc6 Na6 56.Kd5 Nb4+ 57.Ke4 g4 58.Nf5+ Kf7 59.hxg4 hxg4 60.Nh4 
Ke6 61.Ng6 Nc2 1/2-1/2

[Event "interzonal (w)"]
[Site "Tbilisi URS"]
[Date "1976.??.??"]
[Round "11"]
[White "Feustel, Petra"]
[Black "Baumstark, Gertrude"]
[Result "1/2-1/2"]
[WhiteElo "2105"]
[BlackElo "2210"]
[EventDate "1976.12.??"]
[PlyCount "59"]

1.e4 c5 2.Nf3 e6 3.d4 cxd4 4.Nxd4 Nf6 5.Nc3 d6 6.Be2 a6 7.f4 Qc7 8.a4 Nc6 
9.Be3 Be7 10.Nb3 b6 11.O-O O-O 12.Bf3 Rb8 13.Qe2 Na5 14.Nxa5 bxa5 15.Rab1 
Rb4 16.Kh1 Bb7 17.Bf2 Rc8 18.Bg3 Qc4 19.Qxc4 Rbxc4 20.e5 Nd5 21.exd6 Bxd6 
22.Rbd1 Nxc3 23.Rxd6 Ne4 24.Bxe4 Bxe4 25.Rfd1 h6 26.c3 Rxa4 27.R6d4 Rxd4 
28.Rxd4 f5 29.Bh4 Rb8 30.Rd8+ 1/2-1/2

[Event "interzonal (w)"]
[Site "Tbilisi URS"]
[Date "1976.??.??"]
[Round "11"]
[White "Kellner, Narelle"]
[Black "Hofmann, Brigitte"]
[Result "0-1"]
[WhiteElo "2000"]
[BlackElo "2000"]
[EventDate "1976.12.??"]
[PlyCount "74"]

1.e4 c5 2.Nf3 d6 3.d4 cxd4 4.Nxd4 Nf6 5.Nc3 a6 6.Be2 e5 7.Nb3 Be7 8.O-O 
Qc7 9.a4 O-O 10.a5 Be6 11.Be3 Nbd7 12.Qd2 Rac8 13.f3 Rfd8 14.Rfd1 d5 15.
exd5 Bxd5 16.Bd3 Be6 17.Qf2 Qc6 18.Kh1 Nd5 19.Be4 N7f6 20.Nxd5 Bxd5 21.Bf5
Be6 22.Bxe6 Qxe6 23.Bb6 Rxd1+ 24.Rxd1 h6 25.Qd2 Qc4 26.Na1 e4 27.Qd4 exf3 
28.gxf3 Qc6 29.Rd3 Re8 30.Nb3 Qxc2 31.Qc3 Qe2 32.Bg1 Qf1 33.Rd2 Nh5 34.Rf2
Qh3 35.f4 Qh4 36.Qf3 Bd6 37.Qxb7 Bxf4 0-1

[Event "interzonal (w)"]
[Site "Tbilisi URS"]
[Date "1976.??.??"]
[Round "11"]
[White "Kozlovskaya, Valentina"]
[Black "Savereide, Diane"]
[Result "1/2-1/2"]
[WhiteElo "2295"]
[BlackElo "2165"]
[EventDate "1976.12.??"]
[PlyCount "124"]

1.d4 Nf6 2.c4 c5 3.d5 b5 4.cxb5 a6 5.bxa6 Bxa6 6.Nc3 d6 7.Nf3 g6 8.Nd2 Qa5
9.g3 Bg7 10.Bg2 O-O 11.O-O Nbd7 12.h3 Rfb8 13.Re1 Ne8 14.Qc2 Nc7 15.Nb3 
Qb4 16.Be3 Bc4 17.Nd2 Qxb2 18.Qxb2 Rxb2 19.Nxc4 Rb4 20.Bd2 Rxc4 21.Rac1 
Nb6 22.e4 Na4 23.Nxa4 Rcxa4 24.Bg5 f6 25.Be3 Na6 26.Rb1 Rxa2 27.Rb7 Kf8 
28.Bf1 Nb4 29.Rb1 f5 30.exf5 gxf5 31.h4 Ra1 32.Rxa1 Rxa1 33.Kg2 Nxd5 34.
Bf4 Rd1 35.Bg5 Bf6 36.Bh6+ Ke8 37.Be2 Rd4 38.Bh5+ Kd8 39.Bf7 Kc8 40.Ra7 
Kb8 41.Ra5 f4 42.Bg8 Rd2 43.h5 e5 44.Bxh7 Ne3+ 45.Kf3 Nd1 46.gxf4 Rxf2+ 
47.Kg3 Re2 48.Bg5 exf4+ 49.Bxf4 Be5 50.Bxe5 Rxe5 51.Bg6 Ne3 52.Kf3 Nf5 53.
Bxf5 Rxf5+ 54.Kg4 Rf1 55.h6 Rh1 56.Kg5 Kb7 57.Ra4 Kc6 58.Rh4 Rg1+ 59.Kf4 
Rg8 60.h7 Rh8 61.Ke4 d5+ 62.Kd3 Kd6 1/2-1/2